ბათუმის შოთა რუსთაველის სახელმწიფო უნივერსიტეტის ბიბლიოთეკა

Национальная экономика (ბიბ.ჩანაწერი № 37136)

000 -LEADER
fixed length control field 00605nam a2200229Ia 4500
001 - CONTROL NUMBER
control field 3092
003 - CONTROL NUMBER IDENTIFIER
control field GE_BSU
008 - FIXED-LENGTH DATA ELEMENTS--GENERAL INFORMATION
fixed length control field 181216s||||||||xx |||||||||||||| ||und||
020 ## - INTERNATIONAL STANDARD BOOK NUMBER
International Standard Book Number 5876850713
040 ## - CATALOGING SOURCE
Transcribing agency GE_BSU
080 ## - UNIVERSAL DECIMAL CLASSIFICATION NUMBER
Universal Decimal Classification number 332(470)(075.8)
100 ## - MAIN ENTRY--PERSONAL NAME
Personal name Градов А.П
245 ## - TITLE STATEMENT
Title Национальная экономика
245 ## - TITLE STATEMENT
Remainder of title Курс лекций
260 ## - PUBLICATION, DISTRIBUTION, ETC.
Place of publication, distribution, etc. СПб
260 ## - PUBLICATION, DISTRIBUTION, ETC.
Name of publisher, distributor, etc. Специальная литература
260 ## - PUBLICATION, DISTRIBUTION, ETC.
Date of publication, distribution, etc. 1997
300 ## - PHYSICAL DESCRIPTION
Extent 316 с. 21 см.
653 ## - INDEX TERM--UNCONTROLLED
Uncontrolled term Национальная экономика
942 ## - ADDED ENTRY ELEMENTS (KOHA)
Koha item type წიგნი
ეგზემპლარები
Withdrawn status Lost status Damaged status Not for loan Date acquired Barcode Date last seen Price effective from Koha item type Public note
        2018-12-17 7950 2018-12-17 2018-12-17 წიგნი დარბაზი
        2018-12-17 7951 2018-12-17 2018-12-17 წიგნი დარბაზი